LEADER 00817nam0-22002891i-450- 001 990001015920403321 005 20040528153717.0 010 $a3-7643-3107-0 035 $a000101592 035 $aFED01000101592 035 $a(Aleph)000101592FED01 035 $a000101592 100 $a20020001d--------km-y0itay50------ba 101 0 $aeng 200 1 $aPercolation Theory for Mathematicians$fHarry Kesten 210 $aBoston [etc.]$cBirkhauser$d1982 225 1 $aProgress in probability and statistics$v2 610 0 $aMeccanica statistica 676 $a530.13 700 1$aKesten,$bHarry$048187 801 0$aIT$bUNINA$gRICA$2UNIMARC 901 $aBK 912 $a990001015920403321 952 $a21-113F$b12200$fFI1 959 $aFI1 996 $aPercolation Theory for Mathematicians$9355376 997 $aUNINA LEADER 02683nam 22006254a 450 001 9910458627503321 005 20200520144314.0 010 $a1-280-84378-0 010 $a9786610843787 010 $a0-19-534677-7 010 $a1-4294-0285-7 035 $a(CKB)1000000000402204 035 $a(EBL)270922 035 $a(OCoLC)191924318 035 $a(SSID)ssj0000097162 035 $a(PQKBManifestationID)11113129 035 $a(PQKBTitleCode)TC0000097162 035 $a(PQKBWorkID)10114325 035 $a(PQKB)10678537 035 $a(MiAaPQ)EBC270922 035 $a(Au-PeEL)EBL270922 035 $a(CaPaEBR)ebr10160616 035 $a(CaONFJC)MIL84378 035 $a(OCoLC)936848743 035 $a(EXLCZ)991000000000402204 100 $a20050401d2006 uy 0 101 0 $aeng 135 $aur|n|---||||| 181 $ctxt 182 $cc 183 $acr 200 00$aAdaptive perspectives on human-technology interaction$b[electronic resource] $emethods and models for cognitive engineering and human-computer interaction /$fedited by Alex Kirlik 210 $aOxford ;$aNew York $cOxford University Press$d2006 215 $a1 online resource (330 p.) 225 1 $aOxford series in human-technology interaction 300 $aDescription based upon print version of record. 311 $a0-19-517182-9 320 $aIncludes bibliographical references and indexes. 327 $aForeword; Contents; Contributors; I: Background and Motivation; II: Technological Interfaces; III: Automation and Decision Aiding; IV: Alternatives to Compensatory Modeling; V: Into the Field: Vicarious Functioning in Action; VI: Ecological Analysis Meets Computational Cognitive Modeling; VII: Reflections and Future Directions; Name Index; Subject Index 330 $aHow to understand and support cognition in human-technology interaction is both a practically and socially relevant problem. The chapters frame this problem in adaptive terms: how are behaviour and cognition adapted, or perhaps ill-adapted, to the demands and opportunities of an environment where interaction is mediated by tools and technology? 410 0$aOxford series in human-technology interaction. 606 $aHuman-computer interaction 606 $aHuman-machine systems 608 $aElectronic books. 615 0$aHuman-computer interaction. 615 0$aHuman-machine systems. 676 $a004/.01/9 701 $aKirlik$b Alex$0969371 801 0$bMiAaPQ 801 1$bMiAaPQ 801 2$bMiAaPQ 906 $aBOOK 912 $a9910458627503321 996 $aAdaptive perspectives on human-technology interaction$92207449 997 $aUNINA LEADER 01708nas 2200541-a 450 001 996208303003316 005 20240116213021.0 011 $a1876-1402 035 $a(DE-599)ZDB2452928-X 035 $a(OCoLC)248648084 035 $a(CKB)1000000000435476 035 $a(CONSER)--2010250696 035 $a(EXLCZ)991000000000435476 100 $a20080912a20089999 --- - 101 0 $aeng 135 $aur||||||||||| 181 $ctxt$2rdacontent 182 $cc$2rdamedia 183 $acr$2rdacarrier 200 00$aClinical simulation in nursing 210 $a[New York, NY] $cElsevier 300 $aRefereed/Peer-reviewed 311 $a1876-1399 606 $aNursing$vPeriodicals 606 $aNursing$xSimulation methods$vPeriodicals 606 $aEducation, Nursing$xmethods 606 $aPatient Simulation 606 $aComputer Simulation 606 $aNursing$2fast$3(OCoLC)fst01041731 606 $aInfermeria$xRevistes$2lemac 606 $aInfermeria$xMčtodes de simulació$vRevistes$2lemac 606 $aInfermeria$xEnsenyament$xRevistes$2lemac 608 $aPeriodical. 608 $aPeriodicals.$2fast 615 0$aNursing 615 0$aNursing$xSimulation methods 615 12$aEducation, Nursing$xmethods. 615 22$aPatient Simulation. 615 22$aComputer Simulation. 615 7$aNursing. 615 7$aInfermeria$xRevistes. 615 7$aInfermeria$xMčtodes de simulació 615 7$aInfermeria$xEnsenyament$xRevistes. 712 02$aInternational Nursing Association for Clinical Simulation and Learning. 906 $aJOURNAL 912 $a996208303003316 996 $aClinical simulation in nursing$91902896 997 $aUNISA